Zdravotný stav a funkčný stav poslucháčov fakulty telesnej výchovy a športu na začiatku štúdia

Bibliographic Details
Main Authors: Štulrajter, Vojtech, 1936-2010 (Author), Lipková, J. (Author), Lukáč, I. (Author), Scholzová, Alica, 1941- (Author)
Format: Article
Language:Slovak
PhysicalDescription:Obr. 6. Res. rus., angl., lit. 5 zázn. v slov., češ.
Subjects:

MARC

LEADER 00000nab a2200000 a 4500
001 vtls000277916
003 SK-MaSNL
005 20260303223002.0
008 220423c1987 xo 0 slo
015 |a SNBRB19rr/mm-uuuuu 
035 |a CL0288034 
040 |a SNKBUCL  |b slo  |c SNKBUCL  |e AACR2 
041 0 |a slo 
044 |a xo  |c SK 
080 |a 378.096:796.071.5  |2 1981 
080 |a 796.071.5  |2 1981 
080 |a 616-072  |2 1981 
245 0 0 |a Zdravotný stav a funkčný stav poslucháčov fakulty telesnej výchovy a športu na začiatku štúdia  |c V. Štulrajter ... [et al.] 
300 |b Obr. 6. Res. rus., angl., lit. 5 zázn. v slov., češ. 
610 2 7 |a Univerzita Komenského v Bratislave.  |b Fakulta telesnej výchovy a športu  |2 snkbucl 
650 0 7 |a študenti  |2 snkbucl  |9 3979 
650 0 7 |a zdravotný stav  |2 snkbucl  |9 285620 
655 7 |a články z novín a časopisov  |2 snkbucl  |9 267496 
700 1 |a Štulrajter, Vojtech,  |d 1936-2010  |4 aut  |9 198084 
700 1 |a Lipková, J.  |4 aut  |9 816993 
700 1 |a Lukáč, I.  |4 aut  |9 514795 
700 1 |a Scholzová, Alica,  |d 1941-  |4 aut  |9 106495 
773 0 |t Československá hygiena  |g Roč. 32, č. 2 (1987), s. 89-94 
850 |a Slovenská národná knižnica v Martine  |a MTA001 
852 |a SNK  |b KIS3GCP 
958 |a RK 
958 |a ME 
958 |a NB 
992 |a RBX 
999 |c 2245404  |d 2247334